Hollywood Hills Lyrics - Sunrise Avenue - Statistics

General Stats
  • This quiz has been taken 164 times
  • The average score is 227 of 274
Answer Stats
Answer % Correct
I
98%
a
96%
Hills!
96%
Hills,
96%
Hills
96%
Hollywood
96%
the
95%
you,
95%
you
95%
You
95%
go
94%
go,
94%
Bye
93%
bye
93%
gonna
93%
I'm
93%
miss
93%
to
93%
Where
92%
for
91%
For
91%
back
89%
back,
89%
street
89%
walk
89%
Come
88%
come
88%
streets
88%
this
88%
can
87%
is
87%
no
87%
No,
87%
No
87%
wherever
87%
again
86%
forever!
86%
forever,
86%
forever
86%
of
86%
be
85%
these
84%
don't
82%
end
82%
love
82%
on
82%
rainbow
82%
we
82%
wanna
81%
not
80%
one
80%
together
80%
And
79%
and
79%
my
79%
in
78%
place
78%
time
78%
leave,
77%
me
77%
keep
76%
Now
76%
now
76%
or
76%
other
76%
sad
76%
Thank
76%
side
75%
too
75%
but
74%
'Cause
74%
it
74%
moving
74%
so
74%
ahead
73%
must
73%
will
73%
belongs
72%
Girls!
72%
play
72%
bed
71%
part
70%
waves
70%
Behind
69%
life
69%
stay
69%
fantasy
68%
ocean's
68%
that
68%
dear
67%
here
67%
night
67%
take
67%
great
66%
sunset
66%
sweet
66%
get
65%
won't
65%
broken-hearted
64%
moments
64%
Rodeo
64%
fun
63%
with
63%
Oh!
62%
Remember
60%
have
58%
morning
58%
walks
56%
Long
53%
hot
51%
distance
50%
work
49%
doesn't
43%
between
42%
head
42%
your
41%
miles
39%
All
38%
yeah
38%
Remember
13%
there
13%
miss
7%
No matching quizzes found
Score Distribution
Percent of People with Each Score
Percentile by Number Answered
Your Score History
You have not taken this quiz